Bangladesh Country Quiz - Statistics

General Stats
  • This quiz has been taken 42,778 times
    42,701 since last reset
  • The average score is 12 of 17
Answer Stats
Clue Answer % Correct
Countries that border Bangladesh India
98%
European country that colonized Bangladesh until 1947 United Kingdom
95%
Most popular sport Cricket
94%
Most common religion Islam
93%
Countries that border Bangladesh Myanmar
92%
Capital city Dhaka
91%
Country from which Bangladesh gained its independence in 1971 Pakistan
89%
National animal of Bangladesh Bengal Tiger
85%
Much of Bangladesh lies on this river delta Ganges Delta
74%
Type of disaster which killed at least 50,000 people in 1582, 1699, 1822, 1847, 1876, 1970, and 1991 Cyclone
63%
Only country with a population > 5 million which is more densely populated Singapore
58%
59% of land in Bangladesh is this, meaning it can be farmed
* the highest percent of any country
Arable
49%
Second-most populous city Chittagong
47%
The Sundarbans are made up of this kind of coastal forest Mangrove
45%
National fruit of Bangladesh which can weigh up to 80 lbs (35 kg) {Jack}fruit
43%
Cox's Bazar is home to the world's longest one of these Beach
27%
Currency of Bangladesh Taka
27%
No matching quizzes found
Score Distribution
Percent of People with Each Score
Percentile by Number Answered
Your Score History
You have not taken this quiz since the last reset